Bilecik Bilecik Bilecik Bilecik Bilecik

T. A. D. M. konfeksiyon cep sözlüğü: Türkçe-Almanca- T. A. D. M. Taschenwörterbuch konfektion: Türkisch-Deutsch/ (Record no. 21929)

MARC details
000 -BAŞLIK
Sabit Uzunluktaki Kontrol Alanı 01467nam a22003977a 4500
001 - KONTROL NUMARASI
Control Dosyası 0021973
003 - KONTROL NUMARASI KİMLİĞİ
Kontrol Alanı KOHA_MİRAKIL
005 - EN SON İŞLEM TARİHİ ve ZAMANI
Kontrol Alanı 20260207002332.0
007 - FİZİKSEL TANIM SABİT ALAN - GENEL BİLGİ
Sabit uzunluklu kontrol alanı ta
008 - SABİT UZUNLUKTAKİ VERİ ÖGELERİ - GENEL BİLGİ
Sabit Alan 100823b1994 tu |||grd|||#0|||0|tur |
020 ## - ISBN - ULUSLARARASI STANDART KİTAP NUMARASI
Isbn 9757466115
040 ## - KATALOGLAMA KAYNAĞI
Özgün Kataloglama Kurumu TR-BiSEU
Kataloglama Dili tur
Çeviri Kurumu TR-BiSEU
Açıklama Kuralları rda
041 0# - DİL KODU
Metin ya da ses kaydının dil kodu tur
044 ## - YAYINLAYAN/ÜRETEN KURULUŞUN ÜLKE KODU
ISO country code tu
050 ## - SINIFLAMA ve YER NUMARASI
Sınıflama Numarası TS1309
Yer Numarası .Y35 1994
100 1# - KİŞİ ADI
Yazar Adı (Kişi adı) Yakartepe, Zerrin..
245 1# - ESER ADI BİLDİRİMİ
Başlık T. A. D. M. konfeksiyon cep sözlüğü: Türkçe-Almanca- T. A. D. M. Taschenwörterbuch konfektion: Türkisch-Deutsch/
Sorumluluk Bildirimi Zerrin. Yakartepe ; Mehmet Yakartepe, Zerrin Yakartepe.
264 #1 - ÜRERİM, YAYIN, DAĞITIM ve TELİF BİLDİRİMİ
Yayın yeri İstanbul :
Yayınlayan Tekstil araştırma & danışmanlık merkezi
Yayın tarihi 1994
300 ## - FİZİKSEL TANIMLAMA
Sayfa, Cilt vb. 355 s.; 10 cm.
336 ## - İÇERİK TÜRÜ
Content type term metin
Content type code txt
Source rdacontent
337 ## - MEDYA TÜRÜ
Media type term aracısız
Media type code n
Source rdamedia
338 ## - TAŞIYICI TÜRÜ
Carrier type term cilt
Carrier type code nc
Source rdacarrier
490 1# - DİZİ BİLDİRİMİ
Dizi Bildirimi Tekstil araştırma &amp ;
Cilt Numarası danışmanlık merkezi ;
-- Kitap no.
490 1# - DİZİ BİLDİRİMİ
Dizi Bildirimi 12.
500 ## - GENEL NOT
Genel Not Eser çift dillidir. (Türkçe-Almanca)
650 #0 - KONU BAŞLIĞI EK GİRİŞ - KONU TERİMİ
Konusal terim veya coğrafi ad Clothing and dress--Dictionaries.
9 (RLIN) 46224
650 #0 - KONU BAŞLIĞI EK GİRİŞ - KONU TERİMİ
Konusal terim veya coğrafi ad Textile industry--Dictionaries.
9 (RLIN) 45472
650 #0 - KONU BAŞLIĞI EK GİRİŞ - KONU TERİMİ
Konusal terim veya coğrafi ad German language--Dictionaries--Turkish.
9 (RLIN) 3473
650 #0 - KONU BAŞLIĞI EK GİRİŞ - KONU TERİMİ
Konusal terim veya coğrafi ad Giyim ve kuşam--Sözlükler.
9 (RLIN) 46225
650 #0 - KONU BAŞLIĞI EK GİRİŞ - KONU TERİMİ
Konusal terim veya coğrafi ad Tekstil endüstrisi--Sözlükler.
9 (RLIN) 45751
650 #0 - KONU BAŞLIĞI EK GİRİŞ - KONU TERİMİ
Konusal terim veya coğrafi ad Alman dili--Sözlükler--Türkçe.
9 (RLIN) 3452
830 1# - SERİ EK GİRİŞİ - TEKBİÇİM ESER ADI
Tekbiçim Başlık Tekstil araştırma &amp ;
Volume number/sequential designation danışmanlık merkezi ;
-- Kitap no.
9 (RLIN) 46226
830 1# - SERİ EK GİRİŞİ - TEKBİÇİM ESER ADI
Tekbiçim Başlık 12.
9 (RLIN) 7280
907 ## - LOCAL DATA ELEMENT G, LDG (RLIN)
a Sözlük
942 ## - EK GİRİŞ ÖGELERİ (KOHA)
Source of classification or shelving scheme Library of Congress Classification
Koha item type Book
Holdings
Materyal Türü Kalıcı Konum Mevcut Konum Sınıflandırma Kaynağı Edinim Bilgisi Ana Konular Alt Konular Yer Numarası Demirbaş Numarası Fatura Tarihi Geri Çekilme Durumu Kayıp Durumu Hasarlı Durumu Kredi için değil Kayıt Tarih Toplam Ödünçverme Son Görülme Tarihi Son Kontrol Tarihi Genel / Bağış Notu
Book BŞEÜ Pazaryeri MYO Kütüphanesi BŞEÜ Pazaryeri MYO Kütüphanesi Library of Congress Classification Bağış TEKNOLOJİ İmalat TS1309 .Y35 1994 0021973 02/02/2026         23/08/2010   05/12/2024 05/12/2024 Genel Bağış